LDR 00779naa#a2200169#i#450# 001 RU\\bibl\120729 005 20260503123630.7 011 ## _a2687-0185 100 ## _a20251202b2025####ek#y0rusy0150####ca 102 ## _aRU 200 1# _aЛатентность преступлений в сфере банкротства: проблемы выявления и направления их решения _eЖурнальная статья 210 1# _aМосква _cМосковский университет МВД России имени В.Я. Кикотя _d2025 215 ## _a7 с. 608 ## _aЖурнальная статья _2local 675 ## _aПраво. Юридические науки. 34 _z 700 #1 _aВоронцов _gДмитрий Олегович 856 4# _amosumvd.editorum.ru _u